A royal statue reattributed /
Main Author:
Corporate Author:
Format: Book
Language: English
Published:
London :
British Museum,
1981.
Series:
Occasional paper (British Museum) ;
28.
Subjects:
Tags: Add Tag
Call Number: DT59 .B766x 1981
| LEADER | 01085namaa2200289 4500 | ||
|---|---|---|---|
| 001 | 19089 | ||
| 003 | OSt | ||
| 005 | 20260510111534.0 | ||
| 008 | 130303s1981 enka bc 000 0 eng d | ||
| 020 | |a 0861590287 | ||
| 040 | |c ARCE Library | ||
| 043 | |a f-ua--- | ||
| 050 | 4 | |a DT59 .B766x 1981 | |
| 100 | 1 | |a Davies, W. V., |e author | |
| 245 | 1 | 2 | |a A royal statue reattributed / |c W. V. Davies. |
| 264 | 1 | |a London : |b British Museum, |c 1981. | |
| 300 | |a 56 pages : |b illustrations ; |c 30 cm. | ||
| 490 | 1 | |a British Museum occasional paper ; |v 28. | |
| 500 | |a The statue numbered 871 in the Egyptian collection of the British Museum has long been regarded as a representation of Sobkhotpe III the corrected reading yields the 'prenomen' of Sobkemsaf I" | ||
| 504 | |a Includes bibliographical references. | ||
| 650 | 0 | |a Sculpture, Egyptian |v Catalogs. | |
| 651 | 0 | |a Egypt |x Antiquities. | |
| 710 | 2 | |a British Museum. |b Department of Egyptian and Assyrian Antiquities. | |
| 830 | 0 | |a Occasional paper (British Museum) ; |v 28. | |
| 901 | |a reviewed | ||
| 942 | |c BK |2 lcc | ||
| 999 | |c 16100 |d 16100 | ||
